Joueurs de football par images - V - Statistiques

Statistiques générales
  • Ce quiz a été pris 1 328 fois
  • Le résultat moyen est 15 sur 20
Statistiques - réponses
Par images Réponse % Correct
Patrick Vieira
99%
Raphaël Varane
99%
Marco Verratti
98%
Arturo Vidal
91%
Federico Valverde
90%
Robin Van Persie
88%
Mathieu Valbuena
86%
David Villa
82%
Víctor Valdés
79%
Edwin Van der Sar
77%
Dušan Vlahović
76%
Nemanja Vidić
71%
Jan Vertonghen
68%
Marco Van Basten
68%
Rudi Völler
63%
Ruud Van Nistelrooy
62%
Juan Sebastián Verón
58%
Christian Vieri
41%
Carlos Valderrama
38%
Thomas Vermaelen
36%
Aucun quiz correspondant
Distribution des résultats
% des personnes avec chaque résultat
Percentile par nombre de réponses
Votre historique - résultats
Vous n’avez pas pris ce quiz